000 00300nam a2200121 i 4500
001 bg
245 0 _aPoradnik inżyniera elektryka.
_nT. 1,
_pZagadnienia ogólnoelektryczne.
260 _aWarszawa,
_c1974.
040 _cBPK
041 _apol
942 _cKS
008 s pl f |000 0 pol
999 _c4937
_d4937
856 _uhttp://koha.tu.koszalin.pl/cgi-bin/koha/opac-detail.pl?biblionumber=4937
_yKatalog online BPK